01640 2200421 4500001002100000005001500021035002000036007000300056008004100059020002200100040002200122082001400144084001600158090002000174090002200194100004000216245033400256250003400590300002800624650002000652700003700672700003400709700003800743700004200781700003500823700003500858700004000893700002900933700003700962700004000999850001201039264004901051336002101100337003001121338002301151999002201174990002201196INLIS00000000085936820210430081503 a0010-0421001273ta210430t2018 yoi g ind d a978-602-53234-0-9 aYOPDYOGbindcrda04223a809.8 a809.8 YOH m aDEP 809.8 YOH m aCB-D.11 2018-37870 aYohanes Dwi Harsantod1972epenulis10aMelawan pulung gantung :bkumpulan kisah inspiratif ketahanan jiwa dari Gunung Kidul /cpenulis, Yohanes Dwi Harsanto, Jaka Yanuwidiasta, Adi W Setiawan, Alusius Heru Tricahyanto, Andriyani Widyaningtyas, Ardhian Nurhadi, Basuki Rahmanto, Dina Kurnia Restanti, Elfi Husniawati; penyunting, Setya Krisna Sumargo, Jaka Yanuwidiasta aCetakan pertama, Oktober 2018 ax, 308 halaman ;c20 cm 4aKisah Kehidupan0 aJaka Yanuwidiastad1970epenulis0 aAdi W Setiawand1976epenulis0 aAlusius Heru Tricahyantoepenulis0 aAdriyani Widyaningtyasd1971epenulis0 aArdhian Nurhadid1993epenulis0 aBasuki Rahmantod1970epenulis0 aDina Kurnia Restantid1983epenulis0 aElfi Husniawatiepenulis0 aSetya Krisna Sumargoepenyunting0 aJaka Yanuwidiastad1970epenyunting aYOPDYOG31aGunungkidul :bYayasan Inti Mata Jiwa,c2018 2rdacontentateks 2rdamediaatanpa perantara 2rdacarrieravolume aCB-D.11/2018-3787 aCB-D.11/2018-3787